| 000 | 00938nam a22002055i 4500 | ||
|---|---|---|---|
| 001 | 167042 | ||
| 003 | ES-MaACL | ||
| 005 | 20230906213440.0 | ||
| 008 | 050923s1897 fr | |||||||| ||fre d | ||
| 040 |
_aCAM _bspa _cCAM |
||
| 100 | 1 |
_aVavasseur, A. _9133576 |
|
| 245 | 1 | 0 |
_aTraité des sociétés civiles et commerciales _b: (avec formules) : sociétes françaises et étrangères; assurances; association et syndicats professionnels; taxes fiscales / _cpar A. Vavasseur. |
| 250 | _a5e éd. mise au courant de la jurisprudence et de la doctrine / avec la collaboration de Jacques Vavasseur. | ||
| 260 |
_aParis : _bMarchal et Billard, _c1897 ( _eBesançon : _fImp. Outhenin-Chalandre fils et c\pie\s) |
||
| 300 |
_a2 v. (XLVIII, 603; 555 p.) ; _c23 cm. |
||
| 650 | 4 |
_aSociedades. _9136884 |
|
| 700 | 1 |
_aVavasseur, Jacques, _ecol. _9133577 |
|
| 752 |
_aFrancia - _dParís |
||
| 852 |
_aES-MaACL _jB-5192-5193 _z-- Enc. pasta española |
||
| 999 |
_c167042 _d167042 |
||